000 00600nam a2200229Ia 4500
003 OSt
005 20220928144658.0
006 a|||||r|||| 00| 0
007 ta
008 220927b |||||||| |||| 00| 0 eng d
024 _a73005
037 _cTextual
040 _aSDCL
_cSDCL
_beng
041 _2eng
_aeng
082 _aX9:75(W,3).2'N8, M7
100 _aDas Gupta A
_9509058
245 0 _aGovernment and business.
260 _c1987
700 _a Sen Gupta N K
_9509059
942 _hX9:75(W,3).2'N8, M7
_cTEXL
_2CC
999 _c828913
_d828913